A Physician's handbook on orthomolecular medicine / (Record no. 5282)

000 -LEADER
fixed length control field 00898cam a2200277 a 4500
001 - CONTROL NUMBER
control field 1303067
003 - CONTROL NUMBER IDENTIFIER
control field OSt
005 - DATE AND TIME OF LATEST TRANSACTION
control field 20220406092610.0
008 - FIXED-LENGTH DATA ELEMENTS--GENERAL INFORMATION
fixed length control field 770505s1977 nyua b 001 0 eng
010 ## - LIBRARY OF CONGRESS CONTROL NUMBER
LC control number 77008304
020 ## - INTERNATIONAL STANDARD BOOK NUMBER
International Standard Book Number 0080215335
040 ## - CATALOGING SOURCE
Original cataloging agency DLC
Transcribing agency ALUPE UNIVERSITY
Modifying agency DLC
050 10 - LIBRARY OF CONGRESS CALL NUMBER
Classification number RM217
Item number .P49 1977
060 ## - NATIONAL LIBRARY OF MEDICINE CALL NUMBER
Classification number WB330 P578
082 00 - DEWEY DECIMAL CLASSIFICATION NUMBER
Classification number 615/.854
245 02 - TITLE STATEMENT
Title A Physician's handbook on orthomolecular medicine /
Statement of responsibility, etc. editors, Roger J. Williams, Dwight K. Kalita.
260 ## - PUBLICATION, DISTRIBUTION, ETC.
Place of publication, distribution, etc. New York :
Name of publisher, distributor, etc. Pergamon Press,
Date of publication, distribution, etc. c1977.
300 ## - PHYSICAL DESCRIPTION
Extent xiii, 199 p. :
Other physical details ill. ;
Dimensions 32 cm.
504 ## - BIBLIOGRAPHY, ETC. NOTE
Bibliography, etc. note Includes bibliographies and index.
650 #0 - SUBJECT ADDED ENTRY--TOPICAL TERM
Topical term or geographic name entry element Orthomolecular therapy.
650 #2 - SUBJECT ADDED ENTRY--TOPICAL TERM
Topical term or geographic name entry element Orthomolecular therapy
General subdivision Collected works.
700 1# - ADDED ENTRY--PERSONAL NAME
Personal name Kalita, Dwight K.
700 1# - ADDED ENTRY--PERSONAL NAME
Personal name Williams, Roger J.
Fuller form of name (Roger John),
Dates associated with a name 1893-1988.
906 ## - LOCAL DATA ELEMENT F, LDF (RLIN)
a 7
b cbc
c orignew
d 1
e ocip
f 19
g y-gencatlg
942 ## - ADDED ENTRY ELEMENTS (KOHA)
Source of classification or shelving scheme
Koha item type Book
Suppress in OPAC BA
Holdings
Withdrawn status Lost status Source of classification or shelving scheme Damaged status Not for loan Permanent Location Current Location Shelving location Date acquired Source of acquisition Total Checkouts Full call number Barcode Date last seen Price effective from Koha item type Public note
          AU LIBRARY AU LIBRARY Open Shelf 06.04.2022 DONATION FROM MOI UNIVERSITY   RM217 .P49 1977 28007815 06.04.2022 06.04.2022 Book BA

Powered by Koha